书目信息 |
| 题名: |
摄影丛刊
|
|
| 作者: | ;上海人民美术出版社 编 | |
| 分册: | 6 | |
| 出版信息: | 上海 上海人民美术出版社 1981.4 |
|
| 页数: | 91页 | |
| 开本: | 20cm | |
| 丛书名: | ||
| 单 册: | ||
| 中图分类: | TB82 | |
| 科图分类: | ||
| 主题词: | 拍摄 | |
| 电子资源: | ||
| ISBN: | ||
| 000 | 00534nam0 2200181 45 | |
| 001 | 0312221749 | |
| 005 | 20060424084907.26 | |
| 010 | @dCNY0.78 | |
| 100 | @a20031222d1981 km y0chiy0120 ea | |
| 101 | @achi | |
| 200 | 1 | @a摄影丛刊@Ashe ying cong kan@h6@f上海人民美术出版社编@FShang Hai Ren Min Mei Shu Chu Ban She Bian |
| 210 | @a上海@c上海人民美术出版社@d1981.4 | |
| 215 | @a91页@d20cm | |
| 606 | 0 | @a拍摄 |
| 690 | @aTB82@v3 | |
| 711 | 0 | @a上海人民美术出版社@4编 |
| 801 | @aCN@bTSTCL@c20060424 | |
| 905 | @a213230@dTB82@e27:6@b61984-985@f2 | |
| 摄影丛刊.6/上海人民美术出版社编.-上海:上海人民美术出版社,1981.4 |
| 91页;20cm |
| ISBN :CNY0.78 |
| ● |
| 相关链接 |
|
|
|
|
正题名:摄影丛刊
索取号:TB82/27:6
 
预约/预借
| 序号 | 登录号 | 条形码 | 馆藏地/架位号 | 状态 | 备注 |
| 1 | 0061983 | 202245864 | 密集书库/ [索取号:TB82/27:6] | 在馆 | |
| 2 | 0061984 | 001361234 | 密集书库/ [索取号:TB82/27:6] | 在馆 | |
| 3 | 0061985 | 001360921 | 第二样本阅览室/ [索取号:TB82/27:6] | 在馆 |